[Event "Boeing Championship"]
[Site "?"]
[Date "1974.10.15"]
[Round "1"]
[White "Bailey, B."]
[Black "Moulijn, J."]
[Result "1-0"]
[WhiteElo "2046"]
[BlackElo "1647"]
[Annotator "Stockfish 13 (15s)"]
[PlyCount "59"]
[EventDate "1974.??.??"]

{C70: Ruy Lopez: 3...a6 4 Ba4, Norwegian and Delayed Schliemann} 1. e4 e5 2.
Nf3 Nc6 3. Bb5 a6 4. Ba4 b5 5. Bb3 d6 6. d3 (6. h3 Na5 7. O-O Nxb3 8. axb3 Bb7
9. d4 exd4 10. Nxd4 Nf6 11. Bg5 Be7 12. Re1 O-O 13. Nf5 h6 14. Bh4 Kh7 15. Qd2
Re8 16. Nc3 b4 17. Nd5 Nxd5 18. exd5 Bxh4 19. Rxe8 Qxe8 20. Nxh4 Qe4 {
Hansson,H (2250)-Pettersson,A Stockholm 1992 1/2-1/2 (49)}) 6... h6 7. c3 $146
(7. Be3 Nf6 8. O-O Be7 9. c3 O-O 10. Nbd2 Be6 11. Bc2 Ng4 12. d4 Nxe3 13. fxe3
Bg4 14. Qe1 Bf6 15. Qg3 Bh5 16. Rf2 Bg6 17. Bb3 Na5 18. dxe5 dxe5 19. Nxe5 Bh4
20. Qxg6 Bxf2+ 21. Kf1 Nxb3 {
Mujika Lizaso,I-Urresti Zarraoa,I Mondragon 2003 0-1}) (7. h3 Nf6 8. a4 bxa4 9.
Bxa4 Bd7 10. Nc3 Be7 11. Bd2 Nd4 12. Nxd4 exd4 13. Nd5 Nxd5 14. exd5 Bf6 15.
O-O O-O 16. Bxd7 Qxd7 17. Qf3 Be5 18. Qh5 f5 19. f4 Bf6 20. Rf3 Bd8 21. Rg3 Kh7
{Malesevic,N-Mladenovic,N Obrenovac 2004 1-0}) (7. O-O Bg4 8. h3 (8. c3 Nf6 9.
Nbd2 Na5 10. Bc2 c5 11. Re1 Be7 12. Nf1 Qc7 13. Ne3 Be6 14. Nf5 Bxf5 15. exf5
Nc6 16. h3 O-O 17. Re2 Rac8 18. Be3 Rfd8 19. Rc1 Qd7 20. d4 e4 21. d5 exf3 22.
dxc6 fxe2 {Kottenhahn,R-Hinkel,F Doernigheim 1994 0-1 (35)}) 8... Bh5 9. g4 Bg6
10. Nc3 h5 11. g5 h4 12. Nh2 Nd4 13. f4 Nxb3 14. axb3 exf4 15. Bxf4 c6 16. Qf3
Be7 17. Qe3 Rh5 18. Nf3 f6 19. gxf6 gxf6 20. Kh2 d5 21. Rae1 Kf7 {
Masek,J-Homola,K Rakovnik 2001 1-0 (49)}) 7... Nf6 8. Nbd2 Bg4 (8... g6 9. a4
Rb8 10. axb5 axb5 11. O-O $11) 9. Nf1 Qd7 (9... g6 10. h3 Bc8 11. a4 $16) 10.
Ne3 Na5 (10... Be6 $5 11. O-O Be7 $14) 11. Bc2 Be6 (11... c5 12. a4 b4 13. Nxg4
Nxg4 14. cxb4 cxb4 15. d4 $16) 12. b4 (12. a4 b4 13. cxb4 Nc6 $18) 12... Nc6
$16 13. a4 (13. O-O Rd8 14. d4 d5 15. exd5 Nxd5 16. Nxd5 Qxd5 $16) 13... Rb8 (
13... Rd8 $142 14. O-O d5 15. exd5 Nxd5 16. Nxd5 Bxd5 $16) 14. h3 $4 (14. O-O
$142 $16) 14... d5 $11 15. exd5 Nxd5 16. Nxd5 Bxd5 17. O-O Bxf3 $4 (17... Bd6
$142 $11) 18. Qxf3 $18 Bd6 19. Bb3 (19. d4 $142 O-O 20. Re1 $18) 19... O-O $16
20. Re1 Rbe8 21. axb5 axb5 22. Bd2 (22. Ra6 Ne7 23. Qh5 $16) 22... Kh8 $2 (
22... Ne7 23. Ra6 $16) 23. Ra6 (23. Bd5 Ne7 24. Bxf7 Rd8 $18) 23... Nd8 24. c4
(24. Qh5 $142 $5 Kh7 25. Rea1 $18) 24... Ne6 $16 25. c5 (25. Qf5 $142 $16)
25... e4 $4 (25... Nd4 $142 26. Qd1 Be7 $14) 26. Rxe4 $18 Bxc5 (26... Qc8 27.
Ra7 Qb8 $18) 27. bxc5 Nxc5 (27... Qc8 28. Raxe6 $1 fxe6 $18) 28. Rxh6+ $1 gxh6
(28... gxh6 29. Qf6+ {Mate attack Decoy Deflection}) 29. Qf6+ Kg8 30. Bxh6 (30.
Bxh6 Qd4 31. Qxd4 Re5 32. Qxe5 Ne6 33. Bxe6 b4 34. Qg7#) (30. Bc3 Qd4 31. Rg4+
Kh7 32. Rg7+ Kh8 33. Qxh6#) 1-0

[Event "Boeing Championship"]
[Site "?"]
[Date "1974.10.28"]
[Round "2"]
[White "McRae, R."]
[Black "Bailey, B."]
[Result "0-1"]
[WhiteElo "100"]
[BlackElo "2046"]
[Annotator "Stockfish 13 (15s)"]
[PlyCount "68"]
[EventDate "1974.??.??"]

{C90: Closed Ruy Lopez with 7...d6: Early deviations} 1. e4 e5 2. Nf3 Nc6 3.
Bb5 a6 4. Ba4 Nf6 5. O-O b5 6. Bb3 Be7 7. Re1 d6 8. h3 Na5 9. d4 Nxb3 10. axb3
Nd7 (10... Bb7 11. Bg5 h6 12. Bh4 g5 13. Bg3 Nxe4 14. dxe5 Nxg3 15. fxg3 dxe5
16. Nxe5 Qxd1 17. Rxd1 Bd6 18. Re1 O-O 19. Nd2 Rfe8 20. Ndf3 Bxf3 21. gxf3 {
0-1 (21) Hyvarinen,J-Paldanius,P (2245) Helsinki 1993}) 11. Nc3 Bb7 12. dxe5
$146 (12. Nd5 O-O (12... Bxd5 13. exd5 Bf6 14. dxe5 Nxe5 15. Bf4 O-O 16. Nxe5
Bxe5 17. Bxe5 dxe5 18. Rxe5 Qd6 19. Qe2 f6 20. Re7 Rfd8 21. Rd1 Rac8 22. Rd3 c6
23. dxc6 Qxc6 24. Qg4 g6 25. Qh4 h5 26. Qg3 g5 27. Rc3 {
Iglesias Llaca,F-Quiros Cueto,P Oviedo 2003 1/2-1/2 (59)}) 13. Bd2 (13. Nxe7+
Qxe7 14. Bg5 f6 15. Bd2 Qd8 16. d5 Nc5 17. b4 Nd7 18. Nh4 Nb6 19. b3 Bc8 20.
Qc1 f5 21. Bg5 Qe8 22. c4 f4 23. cxb5 Ra7 24. Nf5 Bxf5 25. exf5 Qh5 26. Be7 Rc8
27. Qc6 Qh6 {Jaszcz,M-Majchrzak,M Krynica 1998 1-0}) 13... Bf6 14. dxe5 Bxe5
15. Nxe5 Nxe5 16. Ba5 Rc8 17. Re3 Qd7 18. Rg3 Bxd5 19. exd5 f5 20. f4 Ng6 21.
Qd2 Rfe8 22. Bc3 c5 23. dxc6 Qxc6 24. h4 Re4 25. h5 Nxf4 26. Rxg7+ Kf8 {
Guidarelli,L (2225)-Jossien,R Rochefort 1998 1/2-1/2 (31)}) 12... dxe5 13. Be3
(13. Nd5 $5 $16) 13... O-O $11 14. Qd2 f5 (14... h6 15. Nd5 $11) 15. Rad1 $14
Bd6 16. Bg5 (16. Nd5 f4 17. Nxc7 Bxc7 18. Qxd7 Qxd7 19. Rxd7 Rf7 $14) 16... Qe8
$11 17. Nd5 Nc5 18. exf5 Rxf5 19. Be3 $4 (19. Nh4 $142 Rf7 20. Bf4 $11) 19...
e4 $19 20. c4 (20. Bxc5 Rxd5 (20... Bxc5 $6 21. Ne3 Rh5 22. Nh2 $17) 21. Bd4
Qg6 $19 (21... exf3 $2 22. Rxe8+ Rxe8 23. c4 $18)) 20... exf3 21. Bxc5 Qg6 22.
g3 Bxc5 23. Ne7+ Bxe7 24. Rxe7 Rf7 25. Qd7 (25. Re5 Bc6 26. Rde1 Rf6 $19) 25...
Rxe7 26. Qxe7 Qf7 27. Qxf7+ (27. Rd8+ Rxd8 28. Qxd8+ Qf8 29. Qxc7 Qc8 $19)
27... Kxf7 28. Rd7+ Kf6 29. Rxc7 Bc8 (29... Be4 $142 30. Rd7 Rc8 $19) 30. c5 (
30. g4 Be6 31. cxb5 axb5 32. Rc5 Ra1+ 33. Kh2 $19) 30... Bxh3 31. Kh2 (31. Rc6+
Ke5 32. Rc7 Rd8 33. Re7+ Kf6 $19) 31... Bg4 32. Kg1 (32. Rc6+ Ke5 33. Rc7 Rd8
34. Re7+ Kf6 $19) 32... Re8 (32... Rd8 $142 33. Rc6+ Ke5 $19) 33. b4 (33. Rc6+
Kf5 34. Rd6 Re1+ 35. Kh2 $19) 33... Re1+ 34. Kh2 Rf1 (34... Rf1 35. Rc6+ Ke5
$19) 0-1

[Event "Boeing Championship"]
[Site "?"]
[Date "1974.11.15"]
[Round "3"]
[White "Bailey, B."]
[Black "Kanellis, G."]
[Result "1/2-1/2"]
[WhiteElo "2046"]
[BlackElo "1757"]
[Annotator "Stockfish 13 (15s)"]
[PlyCount "83"]
[EventDate "1974.??.??"]

{C01: French: Exchange Variation} 1. e4 e6 2. d4 d5 3. exd5 exd5 4. c4 Nf6 5.
Nc3 Bb4 6. a3 Bxc3+ 7. bxc3 O-O 8. Nf3 Ne4 (8... Re8+ 9. Be2 Ne4 (9... dxc4 10.
O-O b5 11. Ne5 Bb7 12. Bf3 Qc8 13. Rb1 c6 14. a4 a6 15. Bf4 Nbd7 16. Re1 Nd5
17. Bxd5 cxd5 18. axb5 Nf6 19. f3 Qf5 20. Bd2 Nd7 21. Nxd7 Qxd7 22. bxa6 Bxa6
23. Qc2 Qd6 24. f4 {Davydov,R (1425)-Chen,R (1241) Berlin 2005 1/2-1/2 (38)})
10. Qb3 dxc4 11. Qxc4 Be6 12. Qd3 Bf5 13. Ne5 Nd7 14. Nxd7 Qxd7 15. Qf3 Nf6 16.
h3 Be4 17. Qg3 Bg6 18. Kf1 Rxe2 19. Kxe2 Qb5+ 20. Ke1 Re8+ 21. Be3 Bh5 {
0-1 (21) Kana,P (2155)-Berescu,A (2400) Plzen 2004}) 9. Qc2 Re8 $146 (9... Bf5
10. Bd3 Re8 11. O-O Nc6 12. Re1 Na5 13. cxd5 Qxd5 14. c4 Qd6 15. Bxe4 Bxe4 16.
Rxe4 Qg6 17. Rxe8+ Rxe8 18. Qa4 Nc6 19. d5 Qe4 20. Bd2 {
1-0 (20) Hosking,I-Moylan,A Australia 1995}) (9... Bf5 $5 10. Bd3 Qe7 $17) 10.
Be3 $11 c6 11. Bd3 Bf5 12. O-O Qf6 (12... Nd7 13. a4 $11) 13. c5 (13. cxd5 $5
cxd5 14. Rab1 $14) 13... b6 $11 14. cxb6 axb6 15. Rfb1 Nd7 16. a4 c5 17. Nd2 (
17. dxc5 bxc5 18. Nd2 h6 (18... Nxc3 $2 19. Bxf5 Nxb1 20. Rxb1 $18 (20. Qxb1 $4
Reb8 21. Bxd7 Rxb1+ 22. Rxb1 d4 $19)) (18... Qxc3 $2 19. Qxc3 Nxc3 20. Bxf5
Nxb1 21. Rxb1 $18 (21. Nxb1 $6 Nb6 22. a5 Nc4 $11) (21. Bxb1 $4 d4 $19) (21.
Bxd7 $6 Rxe3 22. Rxb1 Ra3 $16)) 19. Nxe4 Rxe4 $11) 17... Nd6 (17... c4 $5 18.
Bxe4 Rxe4 $15) 18. dxc5 $11 Nxc5 19. Bxf5 Nxf5 (19... Qxf5 $143 20. Qxf5 Nxf5
21. Bxc5 bxc5 22. Rb5 $16) 20. Bxc5 bxc5 21. Qd3 d4 22. cxd4 Nxd4 23. a5 $4 (
23. Nf3 Ne2+ 24. Kh1 Nf4 $11) 23... Rab8 $4 (23... Rad8 $142 24. Ne4 Qg6 $19)
24. a6 (24. Rxb8 Rxb8 25. Rb1 Rxb1+ 26. Nxb1 Qe6 $11) 24... Rxb1+ (24... Rbd8
$142 $5 25. Ne4 Qc6 $11) 25. Qxb1 $16 Nc2 26. Ra2 (26. Ra4 Nb4 27. a7 $16)
26... Nb4 $11 27. Ne4 Qc6 28. Re2 $2 (28. Rd2 $142 $5 $11) 28... Nxa6 $17 (
28... Qxa6 $4 29. Nf6+ gxf6 30. Rxe8+ Kg7 31. Re3 $18) 29. Qd3 (29. Rd2 Nc7 (
29... Rxe4 30. Qxe4 Qc8 31. Qe7 $18) 30. Nd6 Rd8 $17) 29... Nb4 30. Qg3 (30.
Qc4 Nd5 31. g3 $17) 30... Ra8 (30... Kf8 $142 31. Qg4 Qd5 $19) 31. h3 $15 c4
32. Qe5 (32. Nc3 h6 $15) 32... h6 (32... Nd3 33. Qd4 Nf4 34. Rc2 $17) 33. Nc3
$15 Nd3 34. Qf5 (34. Qe4 Qxe4 35. Rxe4 Rc8 $15) 34... Qf6 (34... g6 $142 35.
Qd5 Qxd5 36. Nxd5 Ra5 $17) 35. Qd5 $4 (35. Qxf6 $142 gxf6 36. Re4 $11) 35...
Ra1+ $19 36. Kh2 Qf4+ (36... Nxf2 $142 37. Qf3 Rh1+ 38. Kg3 Qxf3+ 39. gxf3 Nxh3
$19) 37. g3 $11 Qf6 (37... Qb8 38. Qxc4 Ne5 39. Qe4 $11) 38. Qxc4 (38. Re8+ $5
Kh7 39. Ne4 $14) 38... Nxf2 39. Kg2 Nd1 $4 (39... Nh1 40. Ra2 Re1 41. Ne4 $11)
40. Nxd1 $4 (40. Qc8+ $142 Kh7 41. Nxd1 $18) 40... Rxd1 $11 41. Re8+ Kh7 42.
Qc2+ 1/2-1/2

[Event "Boeing Championship"]
[Site "?"]
[Date "1974.11.19"]
[Round "4"]
[White "Bailey, B."]
[Black "Lee, H."]
[Result "1-0"]
[WhiteElo "2046"]
[BlackElo "1527"]
[Annotator "Stockfish 13 (15s)"]
[PlyCount "53"]
[EventDate "1974.??.??"]

{B83: Sicilian Scheveningen: 6 Be2, lines without ...a6} 1. e4 c5 2. Nf3 d6 3.
d4 cxd4 4. Nxd4 Nf6 5. Nc3 e6 6. Be3 Be7 7. Be2 O-O 8. f4 Nc6 9. O-O e5 10. Nf3
Qc7 $146 (10... Ng4 11. Bc1 (11. Qd2 Nxe3 (11... exf4 12. Bd4 Bf6 13. Nd5 Nxd4
14. Nxd4 Be5 15. Nxf4 Qh4 16. Bxg4 Bxg4 17. g3 Qh6 18. Qf2 Rae8 19. c3 Kh8 20.
Nf5 Qg5 21. h4 Qf6 22. Qxa7 g5 23. Nd5 Qg6 24. Nde7 Qe6 25. Nd5 gxh4 26. Nc7 {
Kopyl,E-Chistiakova,T (2160) St Petersburg 2002 0-1 (48)}) 12. Qxe3 exf4 13.
Qxf4 Qb6+ 14. Kh1 Qxb2 15. Qd2 Qb6 16. Nd5 Qd8 17. Rfd1 Be6 18. Nxe7+ Qxe7 19.
Qxd6 Qxd6 20. Rxd6 Rfd8 21. Rxd8+ Rxd8 22. a3 h6 23. Kg1 Kf8 24. Kf2 Ke7 25.
Rb1 b6 {Mare,K (2107)-Liedeman,C Bloemfontein 2005 1/2-1/2 (34)}) 11... exf4
12. Bxf4 Be6 (12... Bf6 13. Kh1 Re8 14. Bc4 Be6 15. Bb3 Qb6 {
1/2-1/2 (15) Gufeld,E (2480)-Velickovic,S (2400) Tbilisi 1983}) 13. Kh1 Nge5
14. Nd5 Re8 15. c3 Bf8 16. Bg5 Qd7 17. Bb5 Ng6 18. Nd4 Rab8 19. Nf5 a6 20. Ba4
b5 21. Bb3 Nce5 22. Qh5 Nc4 23. Nxg7 Bxd5 24. Nxe8 Rxe8 25. exd5 {
Tischbierek,R (2495)-Bischoff,K (2510) Baden-Baden 1992 1-0 (46)}) (10... exf4
$142 $5 11. Bxf4 Be6 $11) 11. f5 $16 a5 (11... Qd8 12. Bc4 $16) 12. h3 (12. Nd2
$142 a4 13. Nd5 Nxd5 14. exd5 $16) 12... Nb4 $2 (12... b6 $5 $16) 13. a3 Na6
14. Nh2 (14. g4 $142 $5 h6 15. g5 hxg5 16. Nxg5 $18) 14... Nc5 $16 15. Bf3 Bd7
16. Ng4 Nxg4 $2 (16... Bc6 $142 $5 17. Nxf6+ Bxf6 $16) 17. hxg4 (17. Bxg4 $142
Qc6 18. Nd5 $18) 17... Bb5 $4 (17... Bc6 $142 18. g5 Qd8 $18) 18. Nxb5 Qc6 (
18... Qd8 19. Qe2 $18) 19. Nc3 b5 (19... Na4 20. Nd5 Bd8 21. Qe1 $18) 20. Nd5 (
20. g5 Bd8 21. Nd5 b4 $18) 20... Qb7 (20... Bd8 21. g5 Na4 22. f6 $18) 21. Qd2
(21. g5 $142 $5 f6 22. g6 Bd8 $18) 21... f6 22. Rad1 (22. b4 Na4 23. c4 Bd8 24.
cxb5 Qxb5 $18) 22... Rad8 (22... Bd8 23. Qe2 $18) 23. Qf2 (23. b4 Na4 24. c4
Ra8 25. cxb5 Bd8 $18) 23... Rf7 (23... Rc8 24. g3 $18) 24. Qh4 (24. b4 axb4 25.
axb4 Na4 $18) 24... Na4 (24... h6 25. Qh3 Nd7 26. b4 $18) 25. b3 Nb6 (25... Nc5
26. Qh3 $18) 26. Nxb6 Qxb6 27. Bxb6 (27. Bxb6 Rc8 28. Qe1 $18) 1-0

[Event "Boeing Championship"]
[Site "?"]
[Date "1974.12.05"]
[Round "5"]
[White "Clark, A."]
[Black "Bailey, B."]
[Result "1-0"]
[WhiteElo "2025"]
[BlackElo "2046"]
[Annotator "Stockfish 13 (15s)"]
[PlyCount "73"]
[EventDate "1974.??.??"]

{A17: English Opening: 1...Nf6 with ...Bb4} 1. c4 Nf6 2. Nc3 e6 3. g3 d5 4. Bg2
c6 5. b3 d4 (5... Qa5 6. e3 b5 7. Nge2 Ba6 8. cxd5 cxd5 9. O-O b4 10. Na4 Nbd7
11. d4 Bd6 12. Re1 O-O 13. Nf4 Rac8 14. Bd2 Ne4 15. f3 Nc3 16. Bxc3 bxc3 17.
Bf1 c2 18. Qc1 Bb4 19. Bxa6 Bxe1 20. Bxc8 {
Tuominen,M (2165)-Hentunen,A (2305) Finland 1997 0-1}) 6. Ne4 Nbd7 (6... Nxe4
7. Bxe4 f5 8. Bg2 e5 9. d3 Bb4+ 10. Bd2 Bxd2+ 11. Qxd2 O-O 12. Nf3 Qc7 13. e3
c5 14. Ng5 h6 15. Bd5+ Kh8 16. h4 Nc6 17. a3 Ne7 18. Be6 Rf6 19. Bxc8 Rxc8 20.
Nh3 Rd8 21. O-O-O {Sipek,M (1920)-Nezdaril,M (1800) Brno 2005 1-0 (45)}) 7. Bb2
$146 (7. d3 Nxe4 8. Bxe4 e5 9. Bg2 f5 10. Nf3 h6 11. O-O g5 12. e3 g4 13. Nh4
Nf6 14. Ng6 Rg8 15. Nxf8 Rxf8 16. exd4 exd4 17. Re1+ Kf7 18. Bxh6 Rh8 19. Bg5
Qd6 20. Qc2 Kg6 21. c5 Qd7 {Crapis,F-Galter,G Budapest 1991 1-0}) (7. Nxf6+ $5
Qxf6 8. Nf3 $11) 7... Nxe4 $15 8. Bxe4 Nf6 (8... e5 $5 $15) 9. Bg2 $11 e5 10.
Nf3 Qc7 (10... Bd6 11. O-O $11) 11. O-O Be7 (11... Bd6 $5 12. e3 dxe3 13. dxe3
Qe7 $11) 12. e3 $16 c5 13. b4 cxb4 14. exd4 exd4 15. Nxd4 O-O 16. Rc1 (16. Re1
Bg4 17. Qc2 Rfe8 $16) 16... Bg4 17. Qb3 (17. Qa4 Rfd8 $14) 17... Rad8 $14 18.
h3 Bh5 (18... Bd7 19. Qf3 Ne8 20. Rfd1 $11) 19. Kh2 (19. Rfe1 Rfe8 20. Nf5 $16)
19... Bg6 20. Rfe1 a6 (20... Rfe8 $5 21. Qf3 Bc5 $11) 21. Qf3 $14 Rd7 $2 (21...
Bc5 22. Nb3 Rd3 23. Be5 $14) 22. Nb3 (22. c5 Qa5 23. Qb3 Bxc5 $18) 22... Rfd8 (
22... Rc8 23. d4 a5 24. d5 $16) 23. d4 {White prepares c5} (23. c5 $142 Rc8 24.
d4 $18) 23... Ne8 $4 (23... a5 $142 $5 24. d5 a4 $16) 24. Qe3 (24. d5 Bf6 25.
c5 Bxb2 $18) 24... Kf8 $2 (24... a5 25. c5 a4 $18) 25. d5 b6 (25... Bf6 26.
Bxf6 Nxf6 $18) 26. Bd4 Rb8 27. c5 bxc5 28. Nxc5 Bxc5 (28... Bd6 29. Nxd7+ Qxd7
30. Rc6 $18) 29. Bxc5+ Nd6 30. Bxb4 $1 Qd8 (30... Rxb4 31. Qc5 {
Decoy Double attack} (31. Rxc7 {Discovered attack})) 31. Qa3 Kg8 32. Rc6 Nb5
33. Qa4 (33. Qe3 $142 h6 34. Qf4 Rbb7 $18) 33... Qg5 (33... Rxd5 34. Bxd5 Qxd5
35. Qxa6 h5 36. Rc8+ Rxc8 37. Qxc8+ Kh7 $18) 34. Qxa6 h5 (34... h6 35. Rc8+ Rd8
36. h4 $18) 35. Rc8+ Rxc8 (35... Rd8 36. Be7 Qxg3+ 37. fxg3 Rdxc8 $18) 36.
Qxc8+ (36. Qxb5 $6 Qf5 $11) 36... Rd8 37. Re8+ (37. Re8+ Rxe8 38. Qxe8+ Kh7 39.
Qxb5 $18) 1-0

[Event "Boeing Championship"]
[Site "?"]
[Date "1974.12.17"]
[Round "6"]
[White "Bailey, B."]
[Black "Pitkanen, T."]
[Result "0-1"]
[WhiteElo "2046"]
[BlackElo "1962"]
[Annotator "Stockfish 13 (15s)"]
[PlyCount "102"]
[EventDate "1974.??.??"]

{C05: French Tarrasch: 3...Nf6 4 e5 Nfd7, 5 f4 and 5 Bd3 sidelines} 1. e4 e6 2.
d4 d5 3. Nd2 Nf6 4. e5 Nfd7 5. Ngf3 c5 6. c3 Nc6 7. Be2 Be7 8. O-O Qb6 $146 (
8... O-O 9. Nb3 (9. Re1 a6 (9... f6 10. exf6 Nxf6 11. Nb3 c4 12. Nbd2 Qc7 13.
Nf1 Bd6 14. Be3 e5 15. dxe5 Nxe5 16. Nxe5 Bxe5 17. Bd4 {
1/2-1/2 (17) Van der Schaaf,M-Nagel,Y Waddingxveen 1979}) 10. Nf1 b5 11. Ng3
cxd4 12. cxd4 Re8 13. a3 b4 14. a4 a5 15. b3 Ba6 16. Bd3 Bxd3 17. Qxd3 Rc8 18.
Bd2 h6 19. h3 Qb6 20. Ne2 Ncb8 21. Rac1 Qa6 22. Qxa6 Nxa6 23. Rxc8 Rxc8 {
Reichwald,K (1749)-Erler,K (1627) Schloss Schney 2006 1/2-1/2}) 9... c4 10.
Nbd2 f6 11. exf6 gxf6 12. b3 cxb3 13. Qxb3 Nb6 14. a4 Rb8 15. c4 dxc4 16. Nxc4
Nd5 17. Bh6 Rf7 18. Ne3 Ncb4 19. Bc4 b6 20. Rfe1 Qd7 21. Ng4 Kh8 22. Re2 Ba6
23. Bxa6 {Jacobsen,J-Hook,W (2210) Buenos Aires 1978 1-0 (41)}) (8... a5 9. a4
cxd4 10. cxd4 Nb6 11. b3 Bd7 12. Nb1 Rc8 13. Na3 Nb4 14. Bd2 Na8 15. Ne1 Nc7
16. Nd3 Nc6 17. Bc3 b6 18. Qd2 O-O 19. f4 f6 20. exf6 gxf6 21. Bg4 f5 22. Be2
Bf6 23. Ne5 {Schmitz,A (2175)-Kaid,A (2260) Germany 2004 1/2-1/2 (40)}) (8...
O-O 9. Re1 $14) 9. Nb3 $14 Nf8 $4 (9... c4 $142 10. Nbd2 Qa5 $16) 10. dxc5 (10.
Nxc5 Ng6 11. Nd3 Bd7 $18) 10... Bxc5 $2 (10... Qc7 $142 11. Bf4 a5 $18) 11.
Nxc5 Qxc5 12. Be3 (12. b4 $5 Qb6 13. b5 Ne7 $18) 12... Qa5 (12... Qe7 13. b4
Nd7 $18) 13. Bd4 (13. b4 $142 Qd8 14. c4 $18) 13... Ng6 $16 14. Re1 Bd7 15. a4
Qc7 16. Bf1 (16. Bd3 Nxd4 17. cxd4 Qd8 $16) 16... Rc8 (16... Nxd4 17. Qxd4 O-O
$16) 17. b4 (17. h4 $142 $5 $18) 17... Nxd4 $14 18. Qxd4 O-O 19. Re3 Ne7 20.
Bd3 Ng6 21. Bc2 a6 22. Qg4 Qc4 23. Qh5 Qf4 24. Ng5 h6 25. Nh3 $4 (25. Nf3 $142
$16) 25... Qc4 $11 26. Bxg6 $2 (26. Rb1 $142 $11) 26... fxg6 $19 27. Qxg6 d4
28. cxd4 Qxd4 (28... Bxa4 29. Qg4 Rf7 30. Ree1 $17) 29. Rae1 (29. Ree1 Rf5 $17)
29... Qxb4 30. g4 $4 (30. g3 $142 Rc3 31. Rb1 $17) 30... Rc4 $19 31. f3 (31. f4
Qxa4 32. Qd3 Bc6 $19) 31... Rxf3 $3 32. Nf2 (32. Rxf3 Rxg4+ {Double attack} (
32... Qxe1+ {Overloading Deflection Discovered attack}) (32... Bc6 {Decoy})) (
32. -- $140 Rxg4+ {Mate threat}) 32... Rxe3 33. Rxe3 Qe7 (33... Rf4 $142 34.
Qc2 $19) 34. Ne4 Rc1+ 35. Kf2 (35. Kg2 Bc6 36. Kh3 Bxe4 37. Qxe4 $19) 35...
Qf7+ (35... Be8 $142 36. Nf6+ Qxf6+ 37. exf6 Bxg6 38. fxg7 Bf7 $19) 36. Qxf7+ (
36. Nf6+ $142 Kf8 37. Qxf7+ Kxf7 38. Nxd7 Rc2+ 39. Kg3 $18) 36... Kxf7 $19 37.
a5 $4 (37. Nd6+ $142 Ke7 38. Re4 $19) 37... Bc6 38. Nd6+ Kg8 (38... Ke7 $142 $5
39. Rb3 Rc5 40. Nxb7 Rxe5 41. h3 $19) 39. Rb3 (39. h4 Ra1 40. Rb3 Ra2+ 41. Kg3
Rxa5 42. Rb6 Ra3+ 43. Kh2 $19) 39... Rc5 (39... Rc2+ $142 40. Ke3 Rxh2 $19) 40.
Nxb7 $15 Rxe5 41. Nd8 Bb5 42. Kf3 $4 (42. Re3 $142 Rd5 43. Nxe6 $11) 42... Kf8
$19 43. Kf4 $2 (43. Rc3 Ke7 44. Nb7 Be2+ 45. Kf4 Rd5 $19) 43... Re2 (43... Re1
$142 44. Re3 Rxe3 45. Kxe3 Ke7 $19) 44. h4 $4 (44. Kf3 Rxh2 45. Nxe6+ Kf7 46.
Kg3 $19) 44... Ke7 45. Nb7 (45. Nxe6 Rxe6 46. Rg3 Kf7 $19) 45... Rc2 46. Ke5 (
46. Re3 Rc4+ 47. Kg3 Rc7 $19) 46... Rc7 47. Rxb5 (47. Kd4 Rxb7 48. Ke3 $19)
47... axb5 48. a6 Rc6 49. a7 Ra6 50. Nd6 b4 51. Nc8+ Kd8 (51... Kd8 52. a8=R
Rxa8 $19) 0-1

[Event "Boeing Championship"]
[Site "?"]
[Date "1975.01.14"]
[Round "7"]
[White "Duleba, G."]
[Black "Bailey, B."]
[Result "0-1"]
[WhiteElo "1638"]
[BlackElo "2016"]
[Annotator "Stockfish 13 (15s)"]
[PlyCount "64"]
[EventDate "1975.??.??"]

{D35: Queen's Gambit Declined: Exchange Variation} 1. d4 Nf6 2. c4 e6 3. Nc3 d5
4. cxd5 exd5 5. Bg5 Be7 6. e3 O-O 7. Bd3 Nc6 8. a3 Be6 9. Qc2 (9. Nge2 Qd7 10.
Qc2 g6 11. O-O Nh5 12. Bh6 Rfc8 13. Rad1 Bf6 14. Na4 Ne7 15. b4 Rab8 16. Nc5
Qd6 17. e4 dxe4 18. Nxe4 Qd8 19. Nxf6+ Nxf6 20. Qc5 Ned5 21. Nf4 Nxf4 22. Bxf4
Nd5 23. Be5 Ra8 {Waniek,T (2060)-Domanski,J (2055) Poland 1999 0-1 (42)}) 9...
h6 10. Bxf6 Bxf6 11. Nge2 Qd7 $146 (11... Bg5 12. O-O Qd7 13. Ng3 g6 14. b4 a6
15. Na4 Be7 16. Bxg6 fxg6 17. Qxg6+ Kh8 18. Qxh6+ Kg8 19. Nh5 Bd8 20. Nc5 Qh7
21. Qxh7+ Kxh7 22. Nxe6 Re8 23. Nhf4 {
1-0 (23) Yao,K (1426)-Billing,T (1226) Willingen 2003}) 12. O-O Ne7 13. Ng3 (
13. Nf4 c6 $14) 13... g6 $11 14. f4 c6 15. f5 Bxf5 16. Nxf5 Nxf5 (16... gxf5
$143 17. Rf3 $16) 17. Bxf5 gxf5 18. Rxf5 Bg5 19. Rf3 Rae8 20. Qf2 Qe7 21. Re1
Kh8 (21... f5 22. Re2 $11 (22. Rxf5 $143 Rxf5 23. Qxf5 Bxe3+ 24. Kh1 Qf7 $11))
22. e4 Qe6 $4 (22... dxe4 $142 23. Rxe4 Qd7 $11) 23. e5 $18 Bd8 $2 (23... Qg6
24. Kh1 $18) 24. Na4 (24. Ne2 $5 Bg5 $18) 24... b6 25. b4 (25. Nc3 Rg8 26. Rxf7
Be7 $18) 25... Qg6 (25... Rg8 26. Rxf7 Be7 27. Re3 $18) 26. Rf1 (26. Nb2 c5 27.
Nd3 cxd4 28. Qxd4 Bc7 $18) 26... Qe4 (26... Bg5 27. g3 $18) 27. Nc3 Qg4 28.
Rxf7 (28. Kh1 $142 $18) 28... Rxf7 $11 29. Qxf7 Qxd4+ 30. Kh1 (30. Rf2 Rg8 31.
Qf4 Qxf4 32. Rxf4 Re8 $11) 30... Qxe5 $17 31. Qf4 $4 (31. g3 $142 Rg8 32. Rf3
$15) 31... Qxf4 (31... Qxc3 32. Qxh6+ Kg8 33. Qg6+ Qg7 34. Qxe8+ Kh7 35. Qxd8
a5 36. Qh4+ Kg6 37. Qg4+ Kh7 38. Qh3+ Kg8 39. Qe6+ Kh8 40. h4 c5 41. Rf5 Qa1+
42. Kh2 Qg7 43. Rh5+ Qh7 44. Qf6+ Kg8 45. Rg5+ Qg6 46. Rxg6+ Kh7 47. Qg7#) 32.
Rxf4 (32. Kg1 Qe3+ 33. Kh1 Qf2 34. Rg1 Bc7 35. Ne2 Rxe2 36. b5 Re1 37. g3 Rxg1#
) 32... Re1+ (32... Re1+ 33. Rf1 Rxf1#) 0-1

[Event "Christmas Open"]
[Site "?"]
[Date "1974.12.21"]
[Round "1"]
[White "Bailey, B."]
[Black "Polich, D."]
[Result "1-0"]
[WhiteElo "2046"]
[BlackElo "1706"]
[Annotator "Stockfish 13 (15s)"]
[PlyCount "51"]
[EventDate "1974.??.??"]

{C07: French Tarrasch: 3...c5, 4 Ngf3 and 4 exd5 Qxd5} 1. e4 e6 2. d4 d5 3. Nd2
c5 4. exd5 Qxd5 5. dxc5 Bxc5 6. Ngf3 Nf6 7. Bc4 Qh5 8. O-O O-O 9. Nb3 Bb6 (9...
Be7 10. Qe2 Nc6 11. Re1 Bd7 12. Bf4 Rfd8 13. c3 Rac8 14. a4 Be8 15. h3 Nd5 16.
Bg3 Nb6 17. Bd3 Qd5 18. Nbd4 Nxd4 19. Nxd4 Bf6 20. Be4 Qd7 21. Nb5 Qe7 22. a5
Nd5 23. Nxa7 Ra8 24. Nb5 {Barrientos Chavarriaga,S (2435)-Rodriguez Guerrero,E
(2433) Mataro 2004 1-0 (72)}) 10. Qe2 Bd7 $146 (10... Nc6 11. Bf4 {
1/2-1/2 (11) Popovic,P (2540)-Speelman,J (2550) Subotica 1987} (11. Be3 Bc7 12.
Bc5 Re8 13. h3 b6 14. Bb5 Bb7 15. Bd4 Nd5 16. Bxc6 Bxc6 17. Be5 Rac8 18. c4 Nf4
19. Qe3 Nxg2 20. Kxg2 Bxe5 21. Rab1 Rcd8 22. Nbd2 Rxd2 23. Rfd1 Bd4 24. Qxd2
Bxf3+ 25. Kg3 Be5+ {Codirlasu,C (2241)-Malosi,V Timisoara 1999 0-1}) 11... Qg4
12. Bd6 Rd8 13. h3 Qe4 14. Bc5 Bxc5 15. Nxc5 Qxe2 16. Bxe2 b6 17. Nb3 Bb7 18.
c3 Kf8 19. Rfd1 Ke7 20. Nfd4 Rac8 21. Bf3 Nxd4 22. Nxd4 Bxf3 23. Nxf3 Ne4 24.
Kf1 Rd6 25. Rxd6 Nxd6 26. Re1 {
Kroeze,F (2395)-Barsov,A (2465) Netherlands 1998 1/2-1/2 (42)}) (10... Bc7 11.
Re1 $11) 11. Be3 (11. Ne5 Ba4 $11) 11... Bc7 12. Rfe1 Bc6 13. Nbd4 Ng4 {
Now all is on h2} 14. h3 Ne5 (14... Nxe3 $5 15. Qxe3 Bxf3 16. Nxf3 Nd7 $11) 15.
Nxe5 $14 Qxe5 16. Nf3 (16. f4 Qf6 17. Rad1 $14 (17. Nxc6 $143 Nxc6 18. g3 Qxb2
$17)) 16... Bxf3 17. Qxf3 Nc6 18. c3 Qh2+ 19. Kf1 Ne5 20. Qe4 Nxc4 21. Qxc4
Rac8 22. Qe4 b6 (22... f5 $5 23. Qxe6+ Kh8 $11) 23. Rad1 $16 Rfd8 24. Bg5 Rd5
$4 (24... Rxd1 $142 25. Rxd1 h6 $14) 25. Rxd5 $18 exd5 (25... Qh1+ 26. Ke2 exd5
27. Qxh7+ Kxh7 28. Rxh1 Kg6 $18) 26. Qe8+ $3 (26. Qe8+ Rxe8 27. Rxe8#) 1-0